| 000 | 00334pam a2200133a 44500 | ||
|---|---|---|---|
| 008 | 230405s2003 xxu||||| |||| 00| 0 eng d | ||
| 020 |
_a8180611760 _cRs. 190 |
||
| 082 |
_a635.030 _bTHA |
||
| 100 | _aThacker, Naveen | ||
| 245 | _aComputers for Doctors | ||
| 260 |
_aNew Delhi _bJaypee Pub _c2003 |
||
| 300 | _a245 p | ||
| 906 | _a001746 | ||
| 999 |
_c249455 _d249455 |
||